000 00322nam a2200133Ia 4500
008 100328s9999 xx 000 0 und d
082 _b64259
100 _aमुजावर बशीर.
245 _aमाया.
260 _bपायल.
630 _aमाया.
730 _aमाया.
942 _cBOOK
999 _c550061
_d550058